000 00598nam a2200193Ia 4500
005 20250508163455.0
008 008 250505s9999 xx 000 0 hin d
037 _aDissertations
040 _aFEDL
_beng
_cFEDL
041 _ahin
_2eng
084 _a370.193 41, GUP/DI
_qFEDL
100 _aGupta Santosh
245 0 _aSamayojan eavam samajik arthik ister ke sandarb mein chatron ke parivarik sambandh ka addhyan
260 _c1976
300 _a89p.
546 _aM.Ed. Dissertation (Delhi University)
942 _cDIS
_h370.193 41, GUP/DI
999 _c1383537
_d1383537